| 000 | 00500 a2200217 4500 | ||
|---|---|---|---|
| 001 | 21406 | ||
| 999 |
_c21406 _d8081 |
||
| 003 | TR-AnTOB | ||
| 005 | 20190408212812.0 | ||
| 008 | 041102s2004 tu tur | ||
| 020 | _a9755103430 | ||
| 041 | _atur | ||
| 050 |
_aPL248.A475 _bS8 2004 |
||
| 090 | _aPL248.A475 S8 2004 | ||
| 100 |
_aAltan, Ahmet _96800 |
||
| 245 | 0 |
_aSudaki iz / _cAhmet Altan. |
|
| 250 | _a18. bs. | ||
| 264 | 1 |
_aİstanbul : _bCan Yayınları, _c2004 |
|
| 300 |
_a264 p. ; _c20 cm. |
||
| 902 | _a0003116 | ||
| 942 | _cBK | ||